Mouseford Academy Dance Challenge (Record no. 9133)

MARC details
000 -LEADER
fixed length control field 00837nam a22002177a 4500
003 - CONTROL NUMBER IDENTIFIER
control field OSt
005 - DATE AND TIME OF LATEST TRANSACTION
control field 20260316021627.0
008 - FIXED-LENGTH DATA ELEMENTS--GENERAL INFORMATION
fixed length control field 260316b |||||||| |||| 00| 0 eng d
020 ## - INTERNATIONAL STANDARD BOOK NUMBER
International Standard Book Number 978-0-544-80898-9
040 ## - CATALOGING SOURCE
Original cataloging agency DWCL GS lib
Transcribing agency OC
082 ## - DEWEY DECIMAL CLASSIFICATION NUMBER
Edition number S856m 2014
100 ## - MAIN ENTRY--PERSONAL NAME
Personal name STILTON, THEA
245 ## - TITLE STATEMENT
Title Mouseford Academy Dance Challenge
Statement of responsibility, etc. STILTON, THEA
260 ## - PUBLICATION, DISTRIBUTION, ETC.
Place of publication, distribution, etc. New York
Name of publisher, distributor, etc. Scholastic, Inc
Date of publication, distribution, etc. 2014
300 ## - PHYSICAL DESCRIPTION
Extent vii, 112 pages.
Dimensions 19cm.
520 ## - SUMMARY, ETC.
Summary, etc. In Dance Challenge (Thea Stilton Mouseford Academy #4), the Thea Sisters are thrilled about a new performing arts program, only to face intense, mandatory auditions for Professor Ratyshnikov’s demanding dance class.
546 ## - LANGUAGE NOTE
Language note English
650 ## - SUBJECT ADDED ENTRY--TOPICAL TERM
Source of heading or term persistence, teamwork, and a positive attitude
650 ## - SUBJECT ADDED ENTRY--TOPICAL TERM
Source of heading or term Cooperation and Teamwork
942 ## - ADDED ENTRY ELEMENTS (KOHA)
Source of classification or shelving scheme Dewey Decimal Classification
Koha item type Fiction
Classification part Fic.
Suppress in OPAC No

No items available.